Ricostruisci la Carriera del Calciatore - Miranda - Statistics

Statistiche generali
  • Questo quiz è stato fatto 5 volte
  • Il punteggio medio è 4 su 7
Statistiche sulle risposte
Hint Risposta % Corretto
2011-2015 Atlético Madrid
75%
2004-2005 Coritiba
75%
2015-2019 Inter
75%
2019-2021 Jiangsu Suning
75%
2021-2022 San Paolo
50%
2006-2011 San Paolo
25%
2005-2006 Sochaux
25%
Nessun quiz corrispondente trovato
Distribuzione punteggi
Percentuale di utenti per punteggio
Percentile per numero di risposta
I tuoi punteggi nel tempo
Non hai fatto questo quiz